Catálogo

EL LIDERAZGO AL ESTILO DE LOS JESUITAS : (Registro nro. 48801)

Detalles MARC
000 -LEADER
fixed length control field 00885nam a2200193 a 4500
001 - CONTROL NUMBER
control field 48801
005 - DATE AND TIME OF LATEST TRANSACTION
control field 20180714033233.0
008 - FIXED-LENGTH DATA ELEMENTS--GENERAL INFORMATION
fixed length control field 140415s2004 sp 000 0 spa d
020 ## - INTERNATIONAL STANDARD BOOK NUMBER
International Standard Book Number 9580483647
041 ## - LANGUAGE CODE
Language code of text/sound track or separate title spa
082 ## - DEWEY DECIMAL CLASSIFICATION NUMBER
Classification number 658.4092
Item number LOW
100 1# - MAIN ENTRY--PERSONAL NAME
Personal name LOWNEY, CHRIS
245 13 - TITLE STATEMENT
Title EL LIDERAZGO AL ESTILO DE LOS JESUITAS :
Remainder of title LAS MEJORES PRÁCTICAS
250 ## - EDITION STATEMENT
Edition statement 1a ed.
260 ## - PUBLICATION, DISTRIBUTION, ETC.
Place of publication, distribution, etc. ESPAÑA :
Name of publisher, distributor, etc. NORMA,
Date of publication, distribution, etc. 2004
300 ## - PHYSICAL DESCRIPTION
Extent 292
Dimensions 14 x 2.6 x 23
520 ## - SUMMARY, ETC.
Summary, etc. LOS LÍDERES HACEN GRADES COMPAÑIAS PERO POCOS ENTENDEMOS DE VERDAD CÓMO VOLVERNOSY HACER QUE OTROS SE VUELVAN GRANDES LÍDERES. EN EL PROCESO, LOS JESUITAS CONSTRUYERON UNA DE LAS COMPAÑIAS MÁS EXITOSAS DEL MUNDO. EL PREDURABLE EXITO DE LOS JESUITAS DESCANSA SOBRE CUATRO PILARES ESENCIALES DEL LIDERAZGO: AUTOCONOCIMIENTO, CREATIVIADAD, AMOR Y HEROÍSMO.
650 14 - SUBJECT ADDED ENTRY--TOPICAL TERM
Topical term or geographic name entry element JESUITAS
General subdivision HISTORIA
-- LIDERAZGO
Existencias
Withdrawn status Lost status Source of classification or shelving scheme Damaged status Not for loan Collection code Home library Current library Shelving location Date acquired Source of acquisition Total Checkouts Full call number Barcode Checked out Date last seen Date last checked out Price effective from Koha item type
    Dewey Decimal Classification     General Biblioteca Karol Wojtyla Biblioteca Karol Wojtyla Sala general 03/12/2013 Compra 2 658.4092 LOW 72846 28/03/2020 14/03/2020 14/03/2020 03/12/2013 Libro